Statistiques concernant Football : Participations à la coupe du monde

Cliquez ici pour prendre le quiz!

Statistiques générales

  • Ce quiz a été pris 153 fois
  • Le résultat moyen est 65 sur 84

Statistiques - réponses

ParticipationsEquipe% Correct
22Brésil
100%
20Allemagne
98%
18Argentine
98%
16France
98%
18Italie
98%
16Espagne
97%
6Maroc
97%
88Portugal
97%
11Etats Unis
96%
7Japon
96%
4Algérie
95%
16Angleterre
95%
2Canada
95%
1Chine
95%
17Mexique
95%
4Russie
94%
14Uruguay
93%
6Australie
91%
14Belgique
91%
11Corée du sud
91%
1Indes orientales néerlandaises
91%
11Pays Bas
91%
6Croatie
90%
12Suède
90%
6Tunisie
90%
3Irlande
89%
3Afrique du Sud
88%
9Chili
87%
3Norvège
87%
6Arabie saoudite
86%
1Qatar
86%
3Sénégal
85%
12Suisse
85%
8Cameroun
84%
6Colombie
84%
6Danemark
84%
9Pologne
84%
3Egypte
83%
2Serbie-et-Monténégro
83%
5Pérou
82%
1Ukraine
81%
3Grèce
80%
2Nouvelle-Zélande
80%
1Slovaquie
80%
7Autriche
79%
2Corée du Nord
78%
8Écosse
78%
8Paraguay
78%
2Slovénie
78%
3Serbie
77%
2Turquie
77%
9Hongrie
76%
3Cote d'Ivoire
75%
4Ghana
73%
7Roumanie
72%
4Equateur
71%
1Islande
71%
1Tchéquie
71%
7Union soviétique
71%
1Zaïre/RDC
71%
6Iran
70%
2Pays de Galles
68%
8Tchécoslovaquie
68%
1Bosnie-Herzégovine
67%
7Bulgarie
67%
6Costa Rica
66%
3Bolivie
64%
1Irak
64%
8Yougoslavie
64%
3Irlande du Nord
63%
1Panama
63%
1Israël
62%
6Nigeria
62%
3Honduras
60%
1Cuba
59%
1Jamaïque
57%
1Togo
49%
1Émirats arabes unis
42%
2Salvador
39%
1Angola
37%
1Allemagne de l'Est
36%
1Haïti
35%
1Koweït
33%
1Trinité-et-Tobago
29%

Distribution des résultats

Percentile par nombre de réponses

% des personnes avec chaque résultat

Votre développement - résultats

Vous n’avez pas pris ce quiz